000 01025nam a22002657a 4500
005 20140109120310.0
010 _aENG-108972
020 _a9780198083979
_c5495.00
020 _a0198083971
_c5495.00
035 _aEN-92505
037 _bDBAD/PUB
082 _a954.0359
245 _aTowards freedom :
_cedited by Sucheta Mahajan with a preface by the general editor Sabyasachi Bhattacharya.
_bdocuments on the movement for independence in India 1947 /
246 _aDocuments on the movement for independence in India, 1947
260 _aNew Delhi
_bOxford University Press
_c2013
270 _aYMCA Library Building, 1 Jai Singh Road
_bNew Delhi
_e110001
300 _aPt.1(clv,1318p.)
_c29cm(Hb)
500 _a "Indian Council of Historical Research."
500 _aIncludes index
650 _a Nationalism
_zIndia
_vSources
_xHistory
700 _aMahajan, Sucheta
700 _aSabysachi, Bhattacharya
710 _aIndian Council of Historical Research.
942 _2ddc
_cEN
_mTOW
_h954.0359
999 _c81321
_d81321